| 000 | 00725nam a2200217Ia 4500 | ||
|---|---|---|---|
| 003 | STCL | ||
| 008 | 230726s9999 xx 000 0 und d | ||
| 020 | _a9789326191166 | ||
| 040 |
_aSTCL _cSTCL _bEN |
||
| 082 | _222 | ||
| 100 | _aGoyal, Priya | ||
| 100 | _aSahni, Janmenjay | ||
| 245 | 0 | _aIAS mains general studies paper 1: Indian heritage and culture, history and geography of the world and society | |
| 246 | _aIAS mains general studies paper 1: Indian heritage and culture history and geography of the world and society | ||
| 260 |
_bArihant Publications _aNew Delhi |
||
| 300 | _a804 p | ||
| 365 | _b610 | ||
| 546 | _aEnglish | ||
| 700 | _aSharma, Prajjwal; Ali, Azmat, Sharma, Vivek | ||
| 942 |
_2DDC _e22 _cBKDDC |
||
| 999 |
_c89608 _d89608 |
||